000 00344nam a2200121Ia 4500
005 20251222141803.0
008 251222s9999||||xx |||||||||||||| ||spa||
082 _a372.674/C79
100 _aCórdova, Juana Nelly
245 0 _aAdaptaciones Teatrales para Ellos:
264 _bInstituto Superior Pedagógico ''José Jiménez Borja''
942 _cLIB
999 _c6203
_d6203